000
00330nam a2200133Ia 4500
008
240624s9999 xx 000 0 und d
041
_a
eng
082
_a
327.1 GAN
100
_a
GANGULY SUMIT
245
_a
INDIA PAKISTAN AND THE BOMB DEBATING NUC
260
_c
2010
_a
New Delhi
_b
Penguin
300
_a
132 : p.
365
_c
RS
_b
20
999
_c
17028
_d
17028